[Event "VI Open Capo d'Orso"]
[Site "Portomannu - Palau ITA"]
[Date "2014.06.07"]
[Round "5"]
[White "Deiana, Giacomo"]
[Black "Bergsson, Stefan"]
[WhiteElo "1642"]
[BlackElo "2077"]
[Result "0-1"]
[PlyCount "62"]
[EventDate "2014.06.07"]

1. c4 c5 2. Nc3 Nc6 3. Nf3 e5 4. g3 g6 5. Bg2 Bg7 6. O-O Nge7 7. d3 O-O 8. a3
d6 9. Rb1 a5 10. Bg5 f6 11. Bd2 Be6 12. Qc1 Re8 13. Ne1 Rc8 14. Nc2 d5 15. b3
b6 16. e4 dxe4 17. dxe4 Nd4 18. Nxd4 cxd4 19. Nd5 b5 20. Qe1 Ra8 21. Nxe7+ Qxe7
22. Bxa5 bxc4 23. Qb4 Qxb4 24. Bxb4 c3 25. f4 Rec8 26. f5 Bd7 27. Rbc1 Bh6 28.
Rc2 Be3+ 29. Kh1 Bd2 30. Rf3 Bb5 31. fxg6 hxg6 0-1

[Event "VI Open Capo d'Orso"]
[Site "Portomannu - Palau ITA"]
[Date "2014.06.07"]
[Round "5"]
[White "Friedrich, Gerhard"]
[Black "Teh, Eu Wen Aron"]
[WhiteElo "1944"]
[BlackElo "2228"]
[Result "0-1"]
[PlyCount "154"]
[EventDate "2014.06.07"]

1. d4 Nf6 2. Nf3 e6 3. c4 b6 4. e3 Bb7 5. Nc3 Bb4 6. Bd2 O-O 7. Be2 c5 8. O-O
cxd4 9. Nxd4 Nc6 10. Nxc6 dxc6 11. Bf3 Qd3 12. Qe2 Rad8 13. Rfd1 Ba6 14. Qxd3
Rxd3 15. Be2 Rd7 16. Be1 Rfd8 17. Rxd7 Rxd7 18. b3 Kf8 19. Kf1 Ke7 20. Rd1 Rxd1
21. Nxd1 Bd6 22. h3 Bb7 23. Nc3 Nd7 24. Ne4 Bb8 25. Bc3 f6 26. Nd2 c5 27. Bd3
g6 28. f4 f5 29. g3 e5 30. Kf2 Ke6 31. h4 Nf6 32. Bc2 h6 33. Ke2 Ng4 34. Nf3 e4
35. Nd2 Bd6 36. Nf1 Be7 37. Bd1 Bc6 38. Ke1 Nf6 39. Bxf6 Bxf6 40. Kd2 a6 41. a4
Bb2 42. Kc2 Ba3 43. Be2 Bb4 44. Kd1 Kf6 45. Nh2 g5 46. hxg5+ hxg5 47. Nf1 Bd7
48. Nh2 Be6 49. Nf1 Kg6 50. Nh2 Kh6 51. Nf1 Bc3 52. Nh2 Bf7 53. Nf1 Bh5 54. Nh2
Kg6 55. Nf1 gxf4 56. exf4 Bd4 57. Ke1 Bxe2 58. Kxe2 Kh5 59. Nh2 Bg1 60. g4+
fxg4 61. Nf1 Kg6 62. Ng3 e3 63. a5 bxa5 64. Ne4 Kf5 65. Nxc5 Kxf4 66. Nd3+ Ke4
67. Nc5+ Kd4 68. Ne6+ Ke5 69. Nc5 Bf2 70. Nd3+ Kd4 71. c5 Kd5 72. c6 Kxc6 73.
Ne5+ Kb5 74. Nxg4 Kb4 75. Nxe3 Bxe3 76. Kxe3 Kxb3 77. Kd2 Kb2 0-1

[Event "VI Open Capo d'Orso"]
[Site "Portomannu - Palau ITA"]
[Date "2014.06.07"]
[Round "5"]
[White "Friedrich, Norbert"]
[Black "Brunello, Sabino"]
[WhiteElo "2319"]
[BlackElo "2589"]
[Result "1/2-1/2"]
[PlyCount "104"]
[EventDate "2014.06.07"]

1. e4 e5 2. Nf3 Nc6 3. Nc3 Nf6 4. d4 exd4 5. Nxd4 Bb4 6. Nxc6 bxc6 7. Bd3 O-O
8. O-O d5 9. exd5 cxd5 10. Bg5 c6 11. Qf3 Be7 12. Rae1 Re8 13. h3 h6 14. Bf4
Be6 15. Nd1 Nd7 16. c3 Bg5 17. Qg3 Bxf4 18. Qxf4 a5 19. Qd6 Qb6 20. Bc2 a4 21.
Re2 Nf6 22. Rfe1 Red8 23. Qg3 c5 24. Ne3 d4 25. cxd4 cxd4 26. Nf5 Bxf5 27. Bxf5
a3 28. b3 Kf8 29. Bd3 Re8 30. Qf3 Qa5 31. Rxe8+ Rxe8 32. Rxe8+ Nxe8 33. Qb7
Qe1+ 34. Kh2 Qxf2 35. Qb4+ Kg8 36. Qxa3 Qe3 37. b4 g5 38. b5 Nf6 39. Qa8+ Kg7
40. Qf3 Qe5+ 41. Qg3 Qc5 42. Qf3 Nd5 43. Qe4 Qd6+ 44. Kh1 Nc3 45. Qf5 Kf8 46.
Bc4 f6 47. Qc8+ Ke7 48. Qg8 Qe5 49. b6 Qe1+ 50. Kh2 Qe5+ 51. Kh1 Qe1+ 52. Kh2
Qe5+ 1/2-1/2

[Event "VI Open Capo d'Orso"]
[Site "Portomannu - Palau ITA"]
[Date "2014.06.07"]
[Round "5"]
[White "Frigieri, Fabrizio"]
[Black "Caprio, Guido"]
[WhiteElo "2162"]
[BlackElo "2424"]
[Result "0-1"]
[PlyCount "62"]
[EventDate "2014.06.07"]

1. e4 c5 2. Nf3 e6 3. d4 cxd4 4. Nxd4 a6 5. Bd3 Bc5 6. Nb3 Be7 7. c4 d6 8. O-O
Nf6 9. Nc3 b6 10. f4 Nbd7 11. Qf3 Bb7 12. Qh3 b5 13. cxb5 axb5 14. e5 dxe5 15.
fxe5 Nxe5 16. Bxb5+ Ned7 17. Bg5 O-O 18. Bd3 Ba6 19. Rad1 Qb6+ 20. Kh1 Bxd3 21.
Rxd3 Ne5 22. Rd4 Rfd8 23. Rh4 Rd3 24. g3 h6 25. Bxf6 Bxf6 26. Qg2 Rad8 27. Rhf4
Bg5 28. Ra4 f5 29. h3 Qe3 30. Kh2 Rd2 31. Nxd2 Rxd2 0-1

[Event "VI Open Capo d'Orso"]
[Site "Portomannu - Palau ITA"]
[Date "2014.06.07"]
[Round "5"]
[White "Grinblat, Artemiy"]
[Black "Shkapenko, Pavel"]
[WhiteElo "2036"]
[BlackElo "2412"]
[Result "0-1"]
[PlyCount "184"]
[EventDate "2014.06.07"]

1. e4 Nf6 2. e5 Nd5 3. d4 d6 4. Nf3 dxe5 5. Nxe5 c6 6. Be2 Bf5 7. O-O Nd7 8.
Nf3 e6 9. c4 N5f6 10. Nc3 Bd6 11. Bg5 O-O 12. Qb3 Qc7 13. h3 Rfe8 14. Nh4 Bg6
15. Nxg6 hxg6 16. Rad1 e5 17. d5 Bc5 18. dxc6 bxc6 19. Na4 Bd4 20. Be3 c5 21.
Nc3 Rab8 22. Qc2 Nf8 23. b3 Ne6 24. Nd5 Qd8 25. Bf3 Nxd5 26. Bxd5 Nc7 27. Bf3
Qf6 28. Bc1 Rb6 29. Rfe1 Ne6 30. Bd5 Nf4 31. Bxf4 Qxf4 32. Re2 Rf6 33. Rf1 Rb8
34. Re4 Qh6 35. Re2 Rbb6 36. Qe4 Rf4 37. Qd3 Rh4 38. Re4 Rf6 39. Rxh4 Qxh4 40.
Bf3 g5 41. Qe2 g6 42. Kh2 Qf4+ 43. Kg1 Kg7 44. Qe4 Qd2 45. Qe2 Qf4 46. Qe4 Ra6
47. Qxf4 gxf4 48. a4 f5 49. Bd5 e4 50. Rb1 Kf6 51. Kf1 Ke5 52. Ke2 g5 53. Bb7
Rb6 54. Bc8 Rb8 55. Bd7 Rd8 56. Bc6 Rd6 57. Bd5 Rh6 58. f3 a5 59. Re1 Rh4 60.
Kd2 Be3+ 61. Kc2 exf3 62. Bxf3 g4 63. hxg4 fxg4 64. Bd5 Kf5 65. Kd3 Rh6 66. Kc2
Bd4 67. Re8 f3 68. gxf3 g3 69. f4 Kxf4 70. Re2 Bf2 71. Re8 Rh2 72. Rg8 Be1+ 73.
Kd1 Bc3 74. Rf8+ Ke5 75. Rg8 Kf4 76. Rf8+ Kg4 77. Rg8+ Kh4 78. Kc1 Bd4 79. Ra8
g2 80. Bxg2 Rxg2 81. Rxa5 Kg4 82. Ra8 Kf4 83. Re8 Rb2 84. a5 Rxb3 85. a6 Ra3
86. Ra8 Ke4 87. Kc2 Ra2+ 88. Kb3 Rb2+ 89. Ka3 Rb1 90. a7 Kd3 91. Ka2 Rb7 92.
Ka3 Kxc4 0-1

[Event "VI Open Capo d'Orso"]
[Site "Portomannu - Palau ITA"]
[Date "2014.06.07"]
[Round "5"]
[White "Lanzani, Mario"]
[Black "Schandorff, Lars"]
[WhiteElo "2295"]
[BlackElo "2524"]
[Result "0-1"]
[PlyCount "76"]
[EventDate "2014.06.07"]

1. c4 c5 2. Nf3 Nc6 3. e3 Nf6 4. d4 cxd4 5. exd4 d5 6. Nc3 Bg4 7. cxd5 Nxd5 8.
Qb3 Bxf3 9. gxf3 e6 10. Qxb7 Nxd4 11. Bb5+ Nxb5 12. Qc6+ Ke7 13. Qxb5 Qd7 14.
Nxd5+ Qxd5 15. Qxd5 exd5 16. Be3 Ke6 17. O-O-O Bb4 18. a3 Rhc8+ 19. Kb1 Bc5 20.
Rhe1 Bxe3 21. Rxe3+ Kd6 22. Red3 Rc5 23. Rd4 a5 24. Rg4 g6 25. Rh4 h5 26. b4
Rc3 27. Rhd4 Rxa3 28. Rxd5+ Ke6 29. Rd6+ Ke7 30. Rd7+ Ke8 31. bxa5 Rxf3 32.
R7d2 Rxa5 33. Re1+ Kf8 34. Re3 Raf5 35. Rxf3 Rxf3 36. Kc1 Rh3 37. f4 Rf3 38.
Rd4 Rf1+ 0-1

[Event "VI Open Capo d'Orso"]
[Site "Portomannu - Palau ITA"]
[Date "2014.06.07"]
[Round "5"]
[White "Neuschmied, Siegfried"]
[Black "Thorhallsson, Throstur"]
[WhiteElo "2215"]
[BlackElo "2425"]
[Result "1-0"]
[PlyCount "51"]
[EventDate "2014.06.07"]

1. e4 d5 2. exd5 Nf6 3. d4 Nxd5 4. Be2 g6 5. Nf3 Bg7 6. O-O O-O 7. c4 Nb6 8.
Nc3 Nc6 9. d5 Ne5 10. Qb3 e6 11. Bf4 Nbd7 12. Nxe5 Nxe5 13. Rfe1 exd5 14. cxd5
c6 15. Bf1 Ng4 16. h3 Nf6 17. dxc6 bxc6 18. Bc4 Qb6 19. Re7 Ba6 20. Bxf7+ Kh8
21. Rae1 Rad8 22. Be3 c5 23. Qa3 Nd7 24. Be6 Qd6 25. Rxd7 Qxe6 26. Rxg7 1-0

[Event "VI Open Capo d'Orso"]
[Site "Portomannu - Palau ITA"]
[Date "2014.06.07"]
[Round "5"]
[White "Ni, Hua"]
[Black "Schneider, Stefan"]
[WhiteElo "2653"]
[BlackElo "2362"]
[Result "1-0"]
[PlyCount "81"]
[EventDate "2014.06.07"]

1. e4 e6 2. d4 d5 3. Nd2 Be7 4. e5 c5 5. c3 Nc6 6. Bd3 Nh6 7. Ne2 cxd4 8. cxd4
Nf5 9. Nf3 Qa5+ 10. Bd2 Qb6 11. Bc3 Bd7 12. Qd2 Rc8 13. a3 Nh4 14. Nxh4 Bxh4
15. O-O O-O 16. b4 Qd8 17. b5 Nb8 18. Ba5 Qe8 19. Bb4 Be7 20. Rfc1 a6 21. a4
Qd8 22. Nf4 axb5 23. axb5 Bxb4 24. Qxb4 Qb6 25. Nh5 h6 26. Qd2 Kh8 27. Qf4 Qd8
28. h4 Qe7 29. Qg3 g6 30. Qe3 Kh7 31. Nf6+ Kg7 32. g3 Rh8 33. Qf4 Rhf8 34. Ng4
Rh8 35. h5 Rxc1+ 36. Rxc1 gxh5 37. Qf6+ Qxf6 38. exf6+ Kf8 39. Rc7 hxg4 40.
Rxb7 Be8 41. Rxb8 1-0

[Event "VI Open Capo d'Orso"]
[Site "Portomannu - Palau ITA"]
[Date "2014.06.07"]
[Round "5"]
[White "Rombaldoni, Axel"]
[Black "Sonis, Francesco"]
[WhiteElo "2501"]
[BlackElo "2023"]
[Result "1-0"]
[PlyCount "81"]
[EventDate "2014.06.07"]

1. Nf3 Nf6 2. c4 g6 3. Nc3 Bg7 4. g3 O-O 5. Bg2 c5 6. d4 cxd4 7. Qxd4 Nc6 8.
Qh4 d6 9. O-O Bd7 10. Rd1 Rc8 11. Bg5 Qb6 12. Na4 Qa6 13. b3 Ng4 14. Rac1 h6
15. Bh3 f5 16. Bxe7 Rf7 17. Rxd6 Rxe7 18. Rxc6 Bf6 19. Rxa6 bxa6 20. Qxf6 Nxf6
21. Nc3 Bc6 22. Nd4 Ba8 23. Bg2 Ne4 24. e3 Nxc3 25. Rxc3 Bxg2 26. Kxg2 Re5 27.
f4 Re7 28. c5 Rd7 29. Rc4 Re7 30. Kf2 Rd7 31. c6 Rd5 32. Rb4 g5 33. Rb7 gxf4
34. gxf4 Rc5 35. Rxa7 a5 36. h4 Re8 37. Rd7 h5 38. Ke2 Kh8 39. Kd2 Rg8 40. c7
a4 41. b4 1-0

[Event "VI Open Capo d'Orso"]
[Site "Portomannu - Palau ITA"]
[Date "2014.06.07"]
[Round "6"]
[White "Bergsson, Stefan"]
[Black "Marin, Mihail"]
[WhiteElo "2077"]
[BlackElo "2578"]
[Result "0-1"]
[PlyCount "66"]
[EventDate "2014.06.07"]

1. Nf3 Nf6 2. g3 g6 3. Bg2 Bg7 4. d4 O-O 5. c4 d6 6. Nc3 Nbd7 7. O-O e5 8. e4
c6 9. Re1 exd4 10. Nxd4 Ng4 11. Qxg4 Bxd4 12. Qd1 Qf6 13. Kh1 Nb6 14. Bg5 Qh8
15. c5 dxc5 16. e5 Bxe5 17. Be7 Re8 18. f4 Bd4 19. Qb3 Be6 20. Rxe6 c4 21. Qa3
fxe6 22. Re1 Qg7 23. Rxe6 Qf7 24. Re4 Bf6 25. Bxf6 Qxf6 26. Qc5 Rxe4 27. Nxe4
Qxb2 28. h4 Re8 29. Qe3 Nd5 30. Qf3 Qb1+ 31. Kh2 Qxe4 32. Qxe4 Rxe4 33. Bxe4 c3
0-1

[Event "VI Open Capo d'Orso"]
[Site "Portomannu - Palau ITA"]
[Date "2014.06.07"]
[Round "6"]
[White "Brunello, Sabino"]
[Black "Danieli, Enrico"]
[WhiteElo "2589"]
[BlackElo "2044"]
[Result "1-0"]
[PlyCount "53"]
[EventDate "2014.06.07"]

1. d4 Nf6 2. c4 c5 3. d5 b5 4. cxb5 a6 5. bxa6 d6 6. Nc3 g6 7. e4 Bxa6 8. Bxa6
Rxa6 9. Nf3 Bg7 10. O-O O-O 11. h3 Nbd7 12. Re1 Nb6 13. e5 dxe5 14. Rxe5 Nfxd5
15. Rxd5 Nxd5 16. Qxd5 Bxc3 17. Qxd8 Rxd8 18. bxc3 Rd1+ 19. Kh2 e5 20. Nxe5 Re6
21. Nf3 Re2 22. Rb1 Rxf2 23. Rb8+ Kg7 24. Be3 Rxa2 25. Bxc5 Rd5 26. Bd4+ Kh6
27. Ne5 1-0

[Event "VI Open Capo d'Orso"]
[Site "Portomannu - Palau ITA"]
[Date "2014.06.07"]
[Round "6"]
[White "Caprio, Guido"]
[Black "Vita, Fabrizio"]
[WhiteElo "2424"]
[BlackElo "2059"]
[Result "1-0"]
[PlyCount "37"]
[EventDate "2014.06.07"]

1. e4 c5 2. Nf3 g6 3. h4 Bg7 4. h5 Nc6 5. Bb5 Qb6 6. Nc3 Bxc3 7. Bxc6 Bxd2+ 8.
Bxd2 Qxc6 9. Qe2 d6 10. hxg6 fxg6 11. O-O-O Bg4 12. Bc3 Nf6 13. e5 dxe5 14.
Qxe5 Bxf3 15. gxf3 O-O 16. Rdg1 Rf7 17. f4 Qd5 18. Rxg6+ Kf8 19. Rxh7 1-0

[Event "VI Open Capo d'Orso"]
[Site "Portomannu - Palau ITA"]
[Date "2014.06.07"]
[Round "6"]
[White "Grinblat, Artemiy"]
[Black "Tischbierek, Raj"]
[WhiteElo "2036"]
[BlackElo "2414"]
[Result "0-1"]
[PlyCount "64"]
[EventDate "2014.06.07"]

1. e4 d6 2. d4 Nf6 3. Nc3 g6 4. g3 Bg7 5. Bg2 O-O 6. Nge2 Nbd7 7. h3 c5 8. Be3
cxd4 9. Bxd4 a6 10. a4 Rb8 11. O-O b5 12. axb5 axb5 13. g4 b4 14. Nd5 e5 15.
Ba7 Rb7 16. Be3 Nxd5 17. Qxd5 Qc7 18. Rfd1 Nb6 19. Qxd6 Qxd6 20. Rxd6 Nc4 21.
Rc6 Nxe3 22. fxe3 Bd7 23. Rc5 Re8 24. Raa5 f6 25. Nc1 Bf8 26. Rd5 Rc8 27. Rd2
Rbc7 28. Nb3 Bh6 29. Rd3 Be6 30. Ra4 Rxc2 31. Rxb4 Rxb2 32. Rb7 Re2 0-1

[Event "VI Open Capo d'Orso"]
[Site "Portomannu - Palau ITA"]
[Date "2014.06.07"]
[Round "6"]
[White "Guidi, Giacomo G."]
[Black "Tommasini, Enzo"]
[WhiteElo "1949"]
[BlackElo "2169"]
[Result "1/2-1/2"]
[PlyCount "163"]
[EventDate "2014.06.07"]

1. e4 e6 2. d4 d5 3. exd5 exd5 4. c4 Nc6 5. Nf3 Bb4+ 6. Nc3 Qe7+ 7. Be3 Nf6 8.
Be2 dxc4 9. Bxc4 Be6 10. Bxe6 Qxe6 11. O-O Rd8 12. Bf4 O-O 13. Bxc7 Rd7 14. Bf4
Qc4 15. Ne5 Nxe5 16. Bxe5 Be7 17. Rc1 Rfd8 18. Qf3 Qb4 19. Rc2 Ne8 20. Ne2 Qa4
21. b3 Qa5 22. h3 f6 23. Bf4 Qf5 24. Rfc1 Ba3 25. Ng3 Qg6 26. Be3 Bxc1 27. Rxc1
Qf7 28. Nf5 Kh8 29. h4 Nd6 30. Ng3 Nb5 31. Nf5 Nd6 32. Ng3 g6 33. h5 Nb5 34.
hxg6 hxg6 35. Ne2 Kg7 36. a4 Nd6 37. Nf4 Nf5 38. d5 Re8 39. Bxa7 b5 40. Be3
bxa4 41. bxa4 Nxe3 42. fxe3 Ra8 43. Qg4 Qe8 44. Kf2 Rb7 45. Ne6+ Kf7 46. Rc7+
Rxc7 47. Nxc7 Rxa4 48. Qxg6+ Kxg6 49. Nxe8 Kf5 50. d6 Ke6 51. Kf3 f5 52. d7
Kxd7 53. Ng7 Kd6 54. Nxf5+ Ke5 55. Nd4 Ra6 56. Ne2 Ra1 57. Ng3 Ra8 58. Nh5 Ra1
59. Nf4 Rf1+ 60. Ke2 Rxf4 61. exf4+ Kxf4 62. Kf2 Kg4 63. g3 Kg5 64. Kf3 Kf5 65.
g4+ Kg5 66. Kg3 Kg6 67. Kf4 Kf6 68. g5+ Kg6 69. Kg4 Kg7 70. Kf4 Kg6 71. Kg4 Kg7
72. Kh5 Kh7 73. g6+ Kg7 74. Kg5 Kg8 75. Kf5 Kg7 76. Kg5 Kg8 77. Kf6 Kf8 78. Ke6
Kg7 79. Kf5 Kg8 80. Kf6 Kf8 81. g7+ Kg8 82. Kg6 1/2-1/2

[Event "VI Open Capo d'Orso"]
[Site "Portomannu - Palau ITA"]
[Date "2014.06.07"]
[Round "6"]
[White "Hewson, Brian Wr"]
[Black "Friedrich, Norbert"]
[WhiteElo "2034"]
[BlackElo "2319"]
[Result "0-1"]
[PlyCount "74"]
[EventDate "2014.06.07"]

1. d4 d5 2. Nf3 Nf6 3. c4 c6 4. cxd5 cxd5 5. Nc3 Nc6 6. Bf4 e6 7. e3 Nh5 8. Bg5
Qb6 9. Qd2 h6 10. Bh4 g5 11. Bg3 Nxg3 12. hxg3 Bg7 13. Bd3 Kf8 14. Rc1 Qd8 15.
Na4 h5 16. b4 a6 17. a3 g4 18. Nh4 Bf6 19. Qc2 Kg7 20. Nc5 b6 21. Nb3 Bb7 22.
Ke2 Qd6 23. Qd2 Rac8 24. Rc2 Nb8 25. Rxc8 Rxc8 26. Rc1 Rxc1 27. Qxc1 Bc6 28.
Qc3 Qd7 29. Nc1 Bb5 30. Bxb5 Qxb5+ 31. Nd3 Nc6 32. Kd2 a5 33. bxa5 Nxa5 34. Nf4
Nc4+ 35. Ke1 Qb1+ 36. Ke2 Kh6 37. Qb4 Qc2+ 0-1

[Event "VI Open Capo d'Orso"]
[Site "Portomannu - Palau ITA"]
[Date "2014.06.07"]
[Round "6"]
[White "Neuschmied, Siegfried"]
[Black "Beshukov, Sergei"]
[WhiteElo "2215"]
[BlackElo "2424"]
[Result "0-1"]
[PlyCount "92"]
[EventDate "2014.06.07"]

1. e4 c5 2. Nf3 e6 3. c4 a6 4. Nc3 Qc7 5. g3 Nc6 6. Bg2 g6 7. d3 Bg7 8. O-O
Nge7 9. Bf4 d6 10. Qd2 h6 11. Be3 Nd4 12. Rab1 Nec6 13. Rfc1 Rb8 14. b3 Qa5 15.
Kf1 b5 16. Ne2 Qxd2 17. Bxd2 Nxf3 18. Bxf3 Ne5 19. Bc3 b4 20. Bxe5 dxe5 21. Rc2
Ke7 22. a4 bxa3 23. Nc3 Rd8 24. Be2 h5 25. Ra2 Bh6 26. Ke1 Bg5 27. Rxa3 Kd6 28.
h4 Be7 29. Kd2 Kc7 30. Rh1 Bb7 31. Raa1 f5 32. f3 Rh8 33. Rh2 Bf8 34. Kc2 Bh6
35. Rah1 Be3 36. Nd1 Bd4 37. Nf2 Bc6 38. Bd1 a5 39. Kd2 a4 40. bxa4 Rb2+ 41.
Bc2 Bxa4 42. Rc1 Bxc2 43. Rxc2 Rxc2+ 44. Kxc2 Ra8 45. Kb3 Rb8+ 46. Ka4 Rb2 0-1

[Event "VI Open Capo d'Orso"]
[Site "Portomannu - Palau ITA"]
[Date "2014.06.07"]
[Round "6"]
[White "Schandorff, Lars"]
[Black "Aghayev, Miragha"]
[WhiteElo "2524"]
[BlackElo "2370"]
[Result "1-0"]
[PlyCount "47"]
[EventDate "2014.06.07"]

1. d4 Nf6 2. c4 g6 3. Nc3 d5 4. cxd5 Nxd5 5. e4 Nb6 6. h3 Bg7 7. Nf3 O-O 8. Be3
c6 9. Qd2 f5 10. e5 Be6 11. Ng5 Bc4 12. Bxc4+ Nxc4 13. Qe2 Nxe3 14. fxe3 Qd7
15. Qc4+ e6 16. Nxe6 Qf7 17. Qb3 Rc8 18. O-O Kh8 19. Ne4 Re8 20. Nxg7 Qxb3 21.
axb3 Kxg7 22. Nd6 Re7 23. Nc8 Rc7 24. Nb6 1-0

[Event "VI Open Capo d'Orso"]
[Site "Portomannu - Palau ITA"]
[Date "2014.06.07"]
[Round "6"]
[White "Schneider, Stefan"]
[Black "Virzi, Ettore"]
[WhiteElo "2362"]
[BlackElo "1968"]
[Result "1-0"]
[PlyCount "66"]
[EventDate "2014.06.07"]

1. d4 Nf6 2. c4 g6 3. Nc3 d5 4. cxd5 Nxd5 5. e4 Nxc3 6. bxc3 Bg7 7. Qa4+ Nd7 8.
Be3 O-O 9. Rd1 c5 10. Bd3 Nb6 11. Qa3 cxd4 12. cxd4 Qd6 13. Qxd6 exd6 14. Ne2
d5 15. O-O Be6 16. Nf4 dxe4 17. Bxe4 Bxa2 18. Bxb7 Bc4 19. Bxa8 Bxf1 20. Kxf1
Rxa8 21. Rb1 Nc4 22. Rb4 Nd6 23. Ke2 Bf8 24. Ra4 Nb5 25. Kd3 Rd8 26. Ra5 Rb8
27. Nd5 Rb7 28. Bf4 h5 29. Nf6+ Kg7 30. Be5 Kh6 31. Ra6 Rb6 32. Rxb6 axb6 33.
Nd7 Nd6 1-0

[Event "VI Open Capo d'Orso"]
[Site "Portomannu - Palau ITA"]
[Date "2014.06.07"]
[Round "6"]
[White "Shkapenko, Pavel"]
[Black "Ni, Hua"]
[WhiteElo "2412"]
[BlackElo "2653"]
[Result "0-1"]
[PlyCount "58"]
[EventDate "2014.06.07"]

1. e4 c6 2. d3 d5 3. Nd2 e5 4. Ngf3 Bd6 5. g3 Nf6 6. Bg2 O-O 7. O-O Re8 8. c3
Bg4 9. Re1 Nbd7 10. Qc2 h6 11. Nf1 Qc7 12. Ne3 Be6 13. Nd2 a5 14. b3 Bc5 15.
Bb2 Qb6 16. Nf3 Bf8 17. Nf1 dxe4 18. dxe4 a4 19. N1d2 Ng4 20. Re2 axb3 21. axb3
Rxa1+ 22. Bxa1 Nxf2 23. Rxf2 Bc5 24. Nd4 exd4 25. cxd4 Bxd4 26. Bxd4 Qxd4 27.
Nf3 Qb6 28. Qc3 Qxb3 29. Qd4 Ra8 0-1

[Event "VI Open Capo d'Orso"]
[Site "Portomannu - Palau ITA"]
[Date "2014.06.07"]
[Round "6"]
[White "Teh, Eu Wen Aron"]
[Black "Rombaldoni, Axel"]
[WhiteElo "2228"]
[BlackElo "2501"]
[Result "1-0"]
[PlyCount "55"]
[EventDate "2014.06.07"]

1. d4 d5 2. c4 e6 3. Nc3 c6 4. e3 Bd6 5. Bd3 f5 6. Nge2 Nf6 7. Qc2 O-O 8. f3
dxc4 9. Bxc4 b5 10. Bd3 Na6 11. a3 b4 12. Na4 bxa3 13. bxa3 Rb8 14. Qxc6 Rf7
15. Qc2 Rc7 16. Qd1 Qe7 17. O-O e5 18. Rb1 Rxb1 19. Bxb1 e4 20. Nac3 exf3 21.
Rxf3 Bb7 22. Rxf5 Ng4 23. h3 Nxe3 24. Qb3+ Kh8 25. Ba2 Nc4 26. Qb5 g6 27. Bg5
Qe6 28. Rf6 1-0

[Event "VI Open Capo d'Orso"]
[Site "Portomannu - Palau ITA"]
[Date "2014.06.07"]
[Round "6"]
[White "Ziegler, Ari"]
[Black "Murgia, Andrea"]
[WhiteElo "2330"]
[BlackElo "1962"]
[Result "1-0"]
[PlyCount "59"]
[EventDate "2014.06.07"]

1. d4 f5 2. Bg5 g6 3. g4 fxg4 4. e4 d6 5. Nc3 Bg7 6. Qd2 c5 7. d5 Nd7 8. O-O-O
Ne5 9. h3 Nf6 10. hxg4 Bxg4 11. f4 Nf3 12. Bb5+ Kf7 13. Nxf3 Bxf3 14. e5 Ng4
15. Be2 Bxe2 16. Qxe2 h5 17. Ne4 Qb6 18. Rhf1 c4 19. Rde1 Rhe8 20. c3 Kg8 21.
Kb1 Rab8 22. Rg1 Qa5 23. Rd1 Qc7 24. Rxg4 hxg4 25. Qxg4 e6 26. dxe6 dxe5 27.
Rd7 Qc6 28. f5 Rxe6 29. fxe6 Rf8 30. Bf6 1-0

[Event "VI Open Capo d'Orso"]
[Site "Portomannu - Palau ITA"]
[Date "2014.06.07"]
[Round "7"]
[White "Aghayev, Miragha"]
[Black "Schmitz, Andreas Arnold"]
[WhiteElo "2370"]
[BlackElo "2051"]
[Result "1-0"]
[PlyCount "113"]
[EventDate "2014.06.07"]

1. e4 e6 2. d4 d5 3. Nd2 Nf6 4. e5 Nfd7 5. Bd3 c5 6. c3 Nc6 7. Ne2 cxd4 8. cxd4
Qb6 9. Nf3 Bb4+ 10. Bd2 Bxd2+ 11. Qxd2 Qb4 12. a3 Qxd2+ 13. Nxd2 Nb6 14. b4 Bd7
15. f4 a6 16. Kf2 O-O 17. Nb3 Rac8 18. Nc5 Rc7 19. Rhc1 Na7 20. a4 Rfc8 21. a5
Na8 22. Ke3 Bb5 23. Bxb5 axb5 24. Kd3 Kf8 25. Nc3 b6 26. axb6 Nxb6 27. Ra6 Nc4
28. f5 Nc6 29. Rb1 Ra7 30. Rxa7 Nxa7 31. fxe6 f6 32. exf6 gxf6 33. Nxd5 Nc6 34.
Rf1 Kg7 35. Ra1 Rd8 36. Nd7 Nb2+ 37. Kc3 Na4+ 38. Kd3 Re8 39. Nc5 Nxc5+ 40.
bxc5 Rxe6 41. Rb1 f5 42. Ne3 Ne7 43. g3 b4 44. Nc2 Rh6 45. Nxb4 Rxh2 46. Re1
Kf7 47. d5 Rb2 48. Kc3 Rxb4 49. Kxb4 Nxd5+ 50. Kc4 Nc7 51. c6 Kf6 52. Kc5 h5
53. Kd6 Nb5+ 54. Kd7 Kg5 55. Re5 Na7 56. c7 Kg4 57. Ra5 1-0

[Event "VI Open Capo d'Orso"]
[Site "Portomannu - Palau ITA"]
[Date "2014.06.07"]
[Round "7"]
[White "Beshukov, Sergei"]
[Black "Caprio, Guido"]
[WhiteElo "2424"]
[BlackElo "2424"]
[Result "1/2-1/2"]
[PlyCount "62"]
[EventDate "2014.06.07"]

1. c4 e5 2. Nc3 Nc6 3. g3 Bc5 4. Bg2 d6 5. e3 a6 6. Nge2 Ba7 7. h3 Nge7 8. a3
Bf5 9. d3 Qd7 10. b4 O-O 11. Bb2 Rae8 12. Nd5 Nd8 13. Nxe7+ Rxe7 14. d4 f6 15.
c5 exd4 16. cxd6 Qxd6 17. Bxd4 Bxd4 18. Qxd4 Qxd4 19. Nxd4 Be4 20. Bxe4 Rxe4
21. Rc1 Re7 22. O-O Nf7 23. Rfd1 Rd8 24. Nb3 Nd6 25. Rd2 Rf8 26. Na5 g6 27. Kf1
Kg7 28. Rd3 f5 29. Nc4 Nf7 30. Rcd1 Kf6 31. Ke2 Rc8 1/2-1/2

[Event "VI Open Capo d'Orso"]
[Site "Portomannu - Palau ITA"]
[Date "2014.06.07"]
[Round "7"]
[White "Friedrich, Norbert"]
[Black "Shkapenko, Pavel"]
[WhiteElo "2319"]
[BlackElo "2412"]
[Result "0-1"]
[PlyCount "78"]
[EventDate "2014.06.07"]

1. e4 Nf6 2. e5 Nd5 3. d4 d6 4. c4 Nb6 5. exd6 exd6 6. h3 Be7 7. Nf3 O-O 8. Bd3
Nc6 9. Nc3 Bf6 10. O-O g6 11. Be3 d5 12. c5 Nc4 13. Bxc4 dxc4 14. Qa4 Be6 15.
Rfd1 Ne7 16. Bg5 Nd5 17. Ne4 Bxg5 18. Nfxg5 Bf5 19. Qxc4 c6 20. Re1 Qe7 21. h4
h6 22. Nd6 Qf6 23. Nf3 Bg4 24. Ne5 Be6 25. Qc1 Qxh4 26. Re4 Qh5 27. Qd2 g5 28.
Rae1 f5 29. R4e2 Nf4 30. Re3 Nxg2 31. Kxg2 f4 32. Re4 f3+ 33. Kg1 g4 34. Ng6
Qh3 35. Nh4 g3 36. fxg3 f2+ 37. Qxf2 Rxf2 38. Kxf2 Rf8+ 39. Ke2 Qxg3 0-1

[Event "VI Open Capo d'Orso"]
[Site "Portomannu - Palau ITA"]
[Date "2014.06.07"]
[Round "7"]
[White "Hoenick, Andreas"]
[Black "Brunello, Sabino"]
[WhiteElo "2133"]
[BlackElo "2589"]
[Result "1/2-1/2"]
[PlyCount "96"]
[EventDate "2014.06.07"]

1. d4 Nf6 2. c4 c5 3. d5 b5 4. cxb5 a6 5. bxa6 Bxa6 6. Nc3 d6 7. Nf3 g6 8. e4
Bxf1 9. Kxf1 Bg7 10. g3 O-O 11. Kg2 Nbd7 12. Qe2 Qb6 13. a4 Rfb8 14. Ra3 Ne8
15. Nb5 Nc7 16. Nxc7 Qxc7 17. b3 c4 18. Qxc4 Qxc4 19. bxc4 Nb6 20. a5 Nxc4 21.
Ra4 Nxa5 22. Bd2 Nb3 23. Rxa8 Rxa8 24. Be3 Kf8 25. Nd2 Nxd2 26. Bxd2 Bd4 27.
Re1 Ra3 28. g4 Rb3 29. Rc1 Ke8 30. Rc4 Bc5 31. Rc3 Rb2 32. Be3 Bxe3 33. Rxe3
Kf8 34. g5 Kg7 35. h4 h5 36. Ra3 f6 37. Ra7 Kf7 38. gxf6 Kxf6 39. Kg3 Rb1 40.
f3 Rd1 41. Rb7 Ra1 42. Rc7 Ra8 43. Kf4 Rg8 44. Ra7 Rb8 45. Rc7 Rb1 46. Ra7 Rg1
47. Rb7 Rh1 48. Kg3 Rd1 1/2-1/2

[Event "VI Open Capo d'Orso"]
[Site "Portomannu - Palau ITA"]
[Date "2014.06.07"]
[Round "7"]
[White "Lanzani, Mario"]
[Black "Wynarczyk, Raymond"]
[WhiteElo "2295"]
[BlackElo "1968"]
[Result "1-0"]
[PlyCount "75"]
[EventDate "2014.06.07"]

1. c4 e6 2. Nc3 d5 3. e3 Nf6 4. Nf3 c5 5. d4 Nc6 6. a3 cxd4 7. exd4 Be7 8. Bd3
O-O 9. O-O a6 10. Re1 dxc4 11. Bxc4 b5 12. Bd3 Bb7 13. Bc2 b4 14. Na4 Rc8 15.
Qd3 g6 16. Bh6 Re8 17. Red1 Nd5 18. Bb3 Na5 19. Ba2 Bc6 20. Nc5 Bb5 21. Qe4
bxa3 22. Nxe6 Nf6 23. Nxd8 Nxe4 24. Bxf7+ Kh8 25. Ne6 Bf6 26. Bxe8 Rxe8 27.
Rxa3 Nc4 28. Nc7 Nxb2 29. Nxe8 Nxd1 30. Nxf6 Nxf6 31. Rb3 Ne4 32. Be3 Nec3 33.
h3 a5 34. Bd2 Ne2+ 35. Kh2 Bc6 36. Ne5 Bd5 37. Rb5 Be4 38. Bh6 1-0